Schopenhauer : hacia una ética con tendencia política /

Guardado en:
Bibliografiske detaljer
Hovedforfatter: Estrada Rebull, María del Mar (autor)
Format: Tesis Bog
Sprog:spansk
Fag:
Tags: Tilføj Tag
Ingen Tags, Vær først til at tagge denne postø!

MARC

LEADER 00000nam^a2200000^a^4500
001 000290821
005 20250521000000.0
009 20260310112019.344
037 |a Acervo ITESO - Biblioteca 
041 |a ESP 
090 |a FIL. 111 
100 |a Estrada Rebull, María del Mar  |e (autor) 
245 1 0 |a Schopenhauer :  |b hacia una ética con tendencia política /  |c M.M. Estrada Rebull. 
264 |a Guadalajara, México :  |b edición de autor,  |c 2009 
300 |a 1 disco compacto de computadora 
336 |a datos para computadora  |b cod  |2 rdacontenido 
337 |a computadora  |b c  |2 rdamedio 
338 |a disco de computadora  |b cd  |2 rdasoporte 
502 |a ITESO Tesis de Licenciatura en Filosofía y Ciencias Sociales 
649 |a XX 
650 |a Filósofos Alemanes 
650 |a Etica Política -  |x Tema Principal 
650 |a Etica Social 
650 |a Voluntarismo -  |x Historia y Crítica 
650 |a Filosofía del Siglo XIX -  |x Historia y Crítica 
650 |a Filosofía Alemana -  |x Historia y Crítica 
650 |a Schopenhauer, Arthur -  |x Tema Principal 
910 |a Fondo General 
920 |a Electrónicos - Tesis del ITESO en Disco 
905 |a 202 
901 |a 0500177545  |b IT2  |c STS  |i 000054  |u 20250521 
902 |a https://opac.biblio.iteso.mx/vufind/Record/000290821